000 00361nam a2200133Ia 4500
008 240624s9999 xx 000 0 und d
041 _aeng
082 _a658.5 GOL
100 _aGOLDRATT ELIYAHU M
245 _aCRITICAL CHAIN
260 _c2008
_aMadras
_bProductivity and Quality Publishing Private Limited
300 _a246 : p. : cm. ; 23
365 _cRS
_b30
999 _c14031
_d14031